00296nam a2200109 i 4500001000300000100002700003245007800030260002100108040000800129041000800137008004100145bg1 aHornby, Albert Sidney. 0aOxford advanced learner's dictionary of current... :bA-K /cA.S. Hornby. aWarszawa,c1981. cBPK apol s pl f |000 0 pol